000 00351nam a2200157Ia 4500
005 20250425161555.0
008 250425s9999 xx 000 0 und d
041 _aspa
082 _aIBM4381
245 0 _aSEGUNDO CENSO PESQUERO NACIONAL
250 _aS.E.
260 _aS.L.
260 _aSin Pais
_bINEC
_c1973
942 _c01
010 _a23315
999 _c211880
_d211880